• 首页
  • 本馆介绍
  • 公告通知
  • 最新文献
  • 馆藏检索
  • 电子资源
  • 读者导购
  • 参考咨询
  • 我的图书馆
  • 登录
  • 详细信息显示
  • 放入我的书架
  • 预约/预借图书
  • 作者相关作品
  • 分类相关作品
  • 丛书相关作品
  • 出版社相关作品

书目信息

  • 表格格式
  • 工作单格式
  • 卡片格式
题名:
西方社会学思想进程
    
 
作者: 侯均生 著
分册:  
出版信息: 沈阳   辽宁人民出版社  1988.2
页数: 532页
开本: 20cm
丛书名: 人与文化丛书
单 册:
中图分类: C91-09
科图分类:
主题词: 社会学--历史 , 社会学--思想史
电子资源:
ISBN: 7-205-00422-5
000 00723nam2 2200253 45
001 0188003943
005 20050610103347.6
010    @a7-205-00422-5@dCNY4.45
020    @aCN@b88003943
100    @a19910411d1988 em y0chiy0120 ea
101 0  @achi
102    @aCN@b210000
105    @ay z 000yy
200 10 @a西方社会学思想进程@Axi fang she hui xue si xiang jin cheng@f侯钧生著@Fhou jun sheng zhu
210    @a沈阳@c辽宁人民出版社@d1988.2
215    @a532页@d20cm
225 2  @a人与文化丛书@f陈志强,滕守尧主编
410  0 @120010@a人与文化丛书
606 0  @a社会学@x历史
606 0  @a社会学@x思想史
690    @aC91-09@v3
701  0 @a侯均生@4著
801  0 @aCN@bNLC@c19910411
905    @dC91-09@e168@f1@b257319
    
    西方社会学思想进程/侯钧生著.-沈阳:辽宁人民出版社,1988.2
    532页;20cm.-(人与文化丛书/陈志强,滕守尧主编)
    
    
    ISBN 7-205-00422-5:CNY4.45
    
●
相关链接 在E读中查询图书 在五车中查询图书 在当当中查询图书 在豆瓣中查询图书


正题名:西方社会学思想进程     索取号:C91-09/168         预约/预借

序号 登录号 条形码 馆藏地/架位号 状态 备注
1 0257319   000372689   第一样本阅览室/ [索取号:C91-09/168] 在馆    
2 0257320   000370592   第一借阅区/ [索取号:C91-09/168] 在馆    
3 0257321   000372698   第一借阅区/ [索取号:C91-09/168] 在馆    
4 0257322   000372705   第一借阅区/ [索取号:C91-09/168] 在馆    
唐山师范学院图书馆 欢迎您!
大连网信软件有限公司© 版权所有